| 000 | 00620nam a2200217 a 4500 | ||
|---|---|---|---|
| 001 | 000007002 | ||
| 003 | DO-SdBNP | ||
| 005 | 20220210142810.0 | ||
| 007 | ta | ||
| 008 | 090904s1981 dr 001 0 spa d | ||
| 040 |
_aDO-SdBNP _bspa _cBNPHU |
||
| 082 | 4 |
_a347.012 _bM738n _222 |
|
| 100 | 1 |
_aMonclús C., Juan Francisco _919465 |
|
| 245 | 1 | 0 |
_aNuestras instituciones jurídicas y sus hombres / _cJuan Francisco Monclús C. |
| 260 |
_aSanto Domingo : _b[s.n.], _c[1981]. |
||
| 300 |
_a43 p. : _c21 cm. |
||
| 504 | _aBbibliografía : p. 43. | ||
| 590 | _aInventariado, 2022 /SA | ||
| 910 | _aSaquino | ||
| 942 |
_2ddc _cLF2 |
||
| 999 |
_c6786 _d6786 |
||